000 00681nam a22002417a 4500
001 14369
003 BD-JhCC
005 20250730094951.0
008 250730b |||||||| |||| 00| 0 eng d
020 _a9780141398358
035 _a(BD-JhCC) 14369
040 _aBD-JhCC
_dBD-JhCC
041 _aeng
082 _223
_a910.4
_bPOL
100 _aPolo,Marco
245 _aTravels in the Land of Serpents and Pearls /
_cMarco Polo, Translated by Nigel Cliff
260 _aIndia:
_bPenguin Little Black Classics,
_c2015
300 _a56 p.;
_c16 cm.
_ePaper binding
490 _aPenguin Little Black Classics
_v16
650 _aTravels
700 _aCliff,Nigel
942 _2ddc
_cBK
999 _c14369
_d14369